1599 1658 1700 1585 1429 1892 1837 1821 1124 1269 1457 1672 1815 1318 1727 1906 1779 1710 1793 1975 1606 1570 1731 1223 1039 1460 1235 1346 1374 1906 1151 1426 1375 1409 1432 1389 1250 1480 1349 1837 1195 1887 1429 1480 1897 1905 1198 1980 1468 1742 1772 1938 1089 1002 1120 1829 1136 1746 1949 1369 1613 1894 1604 1384 1261 1972 1256 1055 1327 1786 1898 1763 1330 1599 1735 1123 1241 1158 1890 1917 1668 1184 1799 1269 1297 1574 1669 1228 1846 1277 1796 1929 1417 1882 1628 1457 1688 1219 1881 BCNSPRNW ULIB Ver.6.0+V

เปลี่ยนเป็นภาษาไทย

Change to English
 แสดงรายละเอียดบรรณานุกรม
  กลับหน้าหลัก

Brief Record : Get Marc (ISO 2709) : E-mail record : QR code < ปิดหน้าต่าง
LEADER : 00000nam 2200000uu 4500
001    13399121966
003     ULIB
008    121217s2546||||th 000 0 tha d
020    ^a9749015517
060 04 ^aWM29^bส181ค 2546
110 0  ^aโดยสถาบันสุขภาพจิตเด็กและวัยรุ่น
245 10 ^aคู่มือครู:กิจกรรมกลุ่ม จิตสังคมบำบัดในโรงเรียน/^cโดยสถาบันสุขภาพจิตเด็กและวัยรุ่น
250    ^aพิมพ์ครั้งที่ 2
260    ^aกรุงเทพฯ :^bโดยสถาบันสุขภาพจิตเด็กและวัยรุ่น,^c2546
300    ^a108 หน้า
650  2 ^aMental health
700 10 ^aกระทรวงสาธารณสุข.^bกรมสุขภาพจิต
945    ^p0^l0^i13639
995    ^aทศพร
999    ^aทศพร เกษรทอง
รายการนี้ยังไม่มีแท็ก
คุณยังไม่ได้ล็อกอิน คุณสามารถมีกิจกรรมร่วมกับเว็บไซต์ได้ แต่ต้องล็อกอินก่อน ::
  ล็อกอิน

รายการสื่อสารสนเทศ

ลำดับที่ ประเภท เลขเรียก/บาร์โค้ด สถานที่ สถานะ
1. วิทยาศาสตร์การแพทย์ และสุขภาพ
วิทยาศาสตร์การแพทย์ และสุขภาพ
WM29 ส181ค 2546 ฉ.1 
  Barcode: 13639
ห้องสมุดวิทยาเขตสวรรค์ประชารักษ์
►หนังสือทั่วไป
บนชั้น

รายการใกล้เคียง
    หัวเรื่อง [Mental health]

BibComment


ยังไม่เคยถูกคอมเมนท์

คอมเมนท์ทรัพยากรรายการนี้
  คอมเมนท์: คู่มือครูกิจกรรม..


 Copyright 2026. Bcnsprnw @Library